<?xml version="1.0" encoding="UTF-8"?>
<record
    xmlns:xsi="http://www.w3.org/2001/XMLSchema-instance"
    xsi:schemaLocation="http://www.loc.gov/MARC21/slim http://www.loc.gov/standards/marcxml/schema/MARC21slim.xsd"
    xmlns="http://www.loc.gov/MARC21/slim">

  <leader>00772nam a22002295a 4500</leader>
  <controlfield tag="003">OSt</controlfield>
  <controlfield tag="005">20201124141848.0</controlfield>
  <controlfield tag="008">180428s1988    le     frb    000 0 ara d</controlfield>
  <datafield tag="040" ind1=" " ind2=" ">
    <subfield code="a">EG-ScBUE</subfield>
    <subfield code="b">ara</subfield>
    <subfield code="c">EG-ScBUE</subfield>
  </datafield>
  <datafield tag="082" ind1="0" ind2="4">
    <subfield code="a">297.821</subfield>
    <subfield code="b">&#x645; &#x638; &#x641;</subfield>
    <subfield code="2">22</subfield>
  </datafield>
  <datafield tag="100" ind1="1" ind2=" ">
    <subfield code="a">&#x645;&#x638;&#x641;&#x631;&#x60C; &#x645;&#x62D;&#x645;&#x62F; &#x631;&#x636;&#x627;.</subfield>
    <subfield code="9">16391</subfield>
  </datafield>
  <datafield tag="245" ind1="1" ind2="0">
    <subfield code="a">&#x639;&#x642;&#x627;&#x626;&#x62F; &#x627;&#x644;&#x623;&#x645;&#x627;&#x645;&#x64A;&#x629; /</subfield>
    <subfield code="c">&#x645;&#x62D;&#x645;&#x62F; &#x631;&#x636;&#x627; &#x627;&#x644;&#x645;&#x638;&#x641;&#x631;.</subfield>
  </datafield>
  <datafield tag="250" ind1=" " ind2=" ">
    <subfield code="a">&#x637;. 8.</subfield>
  </datafield>
  <datafield tag="260" ind1=" " ind2=" ">
    <subfield code="a">&#x628;&#x64A;&#x631;&#x648;&#x62A; :</subfield>
    <subfield code="b">&#x62F;&#x627;&#x631; &#x627;&#x644;&#x62D;&#x648;&#x631;&#x627;&#x621;&#x60C;</subfield>
    <subfield code="c">1988.</subfield>
  </datafield>
  <datafield tag="300" ind1=" " ind2=" ">
    <subfield code="a">160 &#x635;. &#x61B;</subfield>
    <subfield code="c">22 &#x633;&#x645;.</subfield>
  </datafield>
  <datafield tag="504" ind1=" " ind2=" ">
    <subfield code="a">&#x64A;&#x634;&#x62A;&#x645;&#x644; &#x639;&#x644;&#x649; &#x625;&#x631;&#x62C;&#x627;&#x639;&#x627;&#x62A; &#x628;&#x628;&#x644;&#x64A;&#x648;&#x62C;&#x631;&#x627;&#x641;&#x64A;&#x629;.</subfield>
  </datafield>
  <datafield tag="541" ind1=" " ind2=" ">
    <subfield code="a">&#x623;. &#x645;&#x62D;&#x645;&#x62F; &#x641;&#x631;&#x64A;&#x62F; &#x62E;&#x645;&#x64A;&#x633; &#x61B;</subfield>
    <subfield code="c">&#x625;&#x647;&#x62F;&#x627;&#x621; &#x61B;</subfield>
  </datafield>
  <datafield tag="650" ind1=" " ind2="7">
    <subfield code="a">&#x627;&#x644;&#x625;&#x645;&#x627;&#x645;&#x64A;&#x629; (&#x641;&#x631;&#x642;&#x629; &#x625;&#x633;&#x644;&#x627;&#x645;&#x64A;&#x629;).</subfield>
    <subfield code="2">BUEsh</subfield>
    <subfield code="9">8611</subfield>
  </datafield>
  <datafield tag="651" ind1=" " ind2=" ">
    <subfield code="2">BUEsh</subfield>
  </datafield>
  <datafield tag="653" ind1=" " ind2=" ">
    <subfield code="b">GGEN</subfield>
    <subfield code="c">April2018</subfield>
  </datafield>
  <datafield tag="942" ind1=" " ind2=" ">
    <subfield code="2">ddc</subfield>
  </datafield>
  <datafield tag="999" ind1=" " ind2=" ">
    <subfield code="c">26605</subfield>
    <subfield code="d">26577</subfield>
  </datafield>
  <datafield tag="952" ind1=" " ind2=" ">
    <subfield code="0">0</subfield>
    <subfield code="1">0</subfield>
    <subfield code="2">ddc</subfield>
    <subfield code="4">0</subfield>
    <subfield code="7">0</subfield>
    <subfield code="8">Donation-G</subfield>
    <subfield code="a">MAIN</subfield>
    <subfield code="b">MAIN</subfield>
    <subfield code="c">0TH</subfield>
    <subfield code="d">2018-04-28</subfield>
    <subfield code="e">Donation</subfield>
    <subfield code="o">297.821 &#x645; &#x638; &#x641;</subfield>
    <subfield code="p">000043356</subfield>
    <subfield code="r">2025-07-15 00:00:00</subfield>
    <subfield code="s">2019-01-27</subfield>
    <subfield code="x">&#x625;&#x647;&#x62F;&#x627;&#x621; &#x645;&#x646; &#x623;. &#x645;&#x62D;&#x645;&#x62F; &#x641;&#x631;&#x64A;&#x62F; &#x62E;&#x645;&#x64A;&#x633;</subfield>
    <subfield code="y">BB</subfield>
  </datafield>
</record>
